[Event "CAN-Tch University U1800"]
[Site "Montreal"]
[Date "2013.01.12"]
[Round "1"]
[White "Vukosavljevic, Sanja"]
[Black "Patel, Dhanesh"]
[Result "0-1"]
[WhiteElo "1230"]
[BlackElo "1526"]
[PlyCount "66"]
[EventDate "2013.01.12"]
[EventRounds "5"]
[EventCountry "CAN"]
[SourceDate "2005.09.12"]

1. d4 Nf6 2. Nf3 d5 3. Bf4 Nc6 4. e3 Bg4 5. h3 Bf5 6. g4 Be4 7. Nc3 e6 8. Nb5
Bd6 9. Bg2 a6 10. Nc3 O-O 11. g5 Nh5 12. Ne5 Bxe5 13. dxe5 Bxg2 14. Rg1 Nxf4
15. exf4 Bxh3 16. Qh5 Bf5 17. O-O-O d4 18. Ne2 Nb4 19. Nxd4 Qe7 20. Nxf5 exf5
21. Rh1 h6 22. gxh6 g6 23. h7+ Kh8 24. Qe2 f6 25. Qc4 a5 26. Qd4 Rad8 27. exf6
Rxf6 28. Qxf6+ Qxf6 29. Rde1 g5 30. Reg1 gxf4 31. a3 Nd5 32. c4 Nb6 33. c5 Nc4
0-1

[Event "CAN-Tch University U1800"]
[Site "Montreal"]
[Date "2013.01.12"]
[Round "1"]
[White "Macias-luevano, Nathan"]
[Black "Baser Celal, Kaan"]
[Result "1/2-1/2"]
[WhiteElo "1412"]
[BlackElo "1600"]
[PlyCount "79"]
[EventDate "2013.01.12"]
[EventRounds "5"]
[EventCountry "CAN"]
[SourceDate "2005.09.12"]

1. d4 e6 2. c4 Nf6 3. Nc3 Bb4 4. Nf3 d5 5. Bg5 Be7 6. e3 O-O 7. Qc2 Nbd7 8. Bd3
c5 9. cxd5 cxd4 10. Nxd4 exd5 11. O-O h6 12. Bh4 Ne5 13. Rfd1 Nxd3 14. Qxd3 Be6
15. h3 a6 16. a3 Rc8 17. e4 dxe4 18. Nxe4 Nxe4 19. Bxe7 Qxe7 20. Qxe4 Rb8 21.
Nxe6 Qxe6 22. Qxe6 fxe6 23. Rd7 Rf7 24. Rad1 Rbf8 25. Rxf7 Rxf7 26. Rd6 Re7 27.
Kf1 Kf7 28. Ke2 Rc7 29. Rb6 Ke7 30. Ke3 g5 31. f4 Kf6 32. g4 Rd7 33. f5 Re7 34.
b4 Kf7 35. fxe6+ Rxe6+ 36. Rxe6 Kxe6 37. Ke4 b5 38. Kd4 Kd6 39. Ke4 Ke6 40. Kd4
1/2-1/2

[Event "CAN-Tch University U1800"]
[Site "Montreal"]
[Date "2013.01.12"]
[Round "1"]
[White "Suire, Benjamin"]
[Black "Mahabirsingh, Rolan"]
[Result "0-1"]
[WhiteElo "1812"]
[BlackElo "1326"]
[PlyCount "119"]
[EventDate "2013.01.12"]
[EventRounds "5"]
[EventCountry "CAN"]
[SourceDate "2005.09.12"]

1. e4 e6 2. d4 d5 3. Nd2 dxe4 4. Nxe4 Nd7 5. Nf3 Ngf6 6. Bd3 Nxe4 7. Bxe4 Nf6
8. Bd3 c5 9. O-O Bd7 10. c3 cxd4 11. Nxd4 Bc5 12. Be3 Qe7 13. Re1 O-O 14. Bg5
Bxd4 15. cxd4 Bc6 16. Qe2 Qd8 17. Bxf6 Qxf6 18. Rad1 Rfd8 19. Qg4 Rd5 20. h4 h5
21. Qe2 Rxd4 22. Qxh5 Rxh4 23. Qe5 Qh6 24. f3 Rh5 25. Qe3 Rh1+ 26. Kf2 Qh4+ 27.
Ke2 Rh2 28. Rg1 Qg3 29. Kf1 g6 30. Bc4 Rh5 31. Qe1 Qf4 32. Qe2 Rc8 33. b3 Re5
34. Qd2 Qh4 35. Qc3 Qg5 36. Rd4 b5 37. Rg4 Qf6 38. Bd3 Bb7 39. Qd2 Rd5 40. Rf4
Qa1+ 41. Kf2 Qg7 42. Rh1 Rcd8 43. Rfh4 Rxd3 44. Qh6 Rd2+ 45. Kg3 Qxh6 46. Rxh6
Kg7 47. Rh7+ Kf6 48. R1h4 R8d4 49. Rxd4 Rxd4 50. Rh8 a6 51. Rb8 Rd7 52. Kg4 Bd5
53. Rc8 b4 54. g3 Bb7 55. Rc4 e5 56. Rxb4 Rd4+ 57. Rxd4 exd4 58. Kf4 a5 59. a3
g5+ 60. Kg4 0-1

[Event "CAN-Tch University U1800"]
[Site "Montreal"]
[Date "2013.01.12"]
[Round "1"]
[White "Goldfarb, Adam"]
[Black "Ndambakuwa, Victor"]
[Result "0-1"]
[WhiteElo "1135"]
[BlackElo "1593"]
[PlyCount "80"]
[EventDate "2013.01.12"]
[EventRounds "5"]
[EventCountry "CAN"]
[SourceDate "2005.09.12"]

1. e4 c5 2. Nf3 Nf6 3. Nc3 e6 4. d4 cxd4 5. Nxd4 d5 6. Bg5 dxe4 7. Be2 Bb4 8.
O-O Bxc3 9. bxc3 O-O 10. Rb1 a6 11. Re1 Nbd7 12. Bc4 Qa5 13. Qd2 Nd5 14. Bxd5
Qxd5 15. Qe3 f6 16. Bh4 e5 17. Nf5 Qe6 18. g4 g6 19. Nh6+ Kg7 20. g5 f5 21. Re2
b6 22. a4 a5 23. f4 exf4 24. Qxf4 Qe5 25. Qxe5+ Nxe5 26. Bg3 Nf3+ 27. Kf2 Nxg5
28. Rxb6 Kxh6 29. Bf4 Kh5 30. Kg3 Ne6 31. h4 Rd8 32. Rc6 Ra6 33. Rc4 Nxf4 34.
Kxf4 Rad6 35. Rc7 h6 36. Rh7 R6d7 37. Rxd7 Rxd7 38. c4 Ba6 39. Re3 Rc7 40. Rc3
Rxc4 0-1

[Event "CAN-Tch University U1800"]
[Site "Montreal"]
[Date "2013.01.12"]
[Round "1"]
[White "Rashidi, David"]
[Black "Metcalfe, Drew"]
[Result "1-0"]
[WhiteElo "1737"]
[BlackElo "1324"]
[PlyCount "43"]
[EventDate "2013.01.12"]
[EventRounds "5"]
[EventCountry "CAN"]
[SourceDate "2005.09.12"]

1. Nf3 d5 2. g3 c5 3. Bg2 Nf6 4. O-O e6 5. Ne5 Bd6 6. d4 Nbd7 7. Bf4 Qc7 8.
Nxd7 Bxd7 9. Bxd6 Qxd6 10. e3 Rc8 11. c3 h5 12. Nd2 h4 13. Re1 e5 14. dxe5 Qxe5
15. e4 d4 16. Nc4 Qe6 17. e5 Kd8 18. Nd6 Rb8 19. cxd4 c4 20. d5 Qe7 21. Nxb7+
Kc7 22. d6+ 1-0

[Event "CAN-Tch University U1800"]
[Site "Montreal"]
[Date "2013.01.12"]
[Round "1"]
[White "Lau, Stephen"]
[Black "Qin, Kai Long"]
[Result "1-0"]
[WhiteElo "1385"]
[BlackElo "1479"]
[PlyCount "86"]
[EventDate "2013.01.12"]
[EventRounds "5"]
[EventCountry "CAN"]
[SourceDate "2005.09.12"]

1. e4 c5 2. Nf3 d6 3. d4 cxd4 4. Nxd4 Nf6 5. Nc3 a6 6. Be3 e5 7. Nf3 Be6 8. Bg5
h6 9. Bh4 Nbd7 10. Nd5 Bxd5 11. exd5 Qa5+ 12. c3 Qxd5 13. Qxd5 Nxd5 14. h3 g5
15. Bg3 f5 16. Bc4 N7b6 17. Bb3 f4 18. Bh2 O-O-O 19. O-O-O Nf6 20. Be6+ Kb8 21.
Rhe1 Ka8 22. Bf5 Rg8 23. Nxe5 Rg7 24. Ng6 d5 25. Nxf8 Rxf8 26. Re6 Nfd7 27. Bc2
Rf6 28. Re8+ Ka7 29. f3 Nb8 30. Bg1 Rd7 31. Bd4 Rfd6 32. Be5 Rd8 33. Rxd8 Rxd8
34. Bg7 Rd6 35. Bb3 Nc6 36. Bf8 Rf6 37. Bc5 Na5 38. Bxd5 Ka8 39. Be4 Nac4 40.
Rd8+ Ka7 41. Rd7 Kb8 42. Rxb7+ Kc8 43. Bd4 Rd6 1-0

[Event "Eastern Ontario op"]
[Site "Ottawa"]
[Date "2013.06.22"]
[Round "3"]
[White "Doubleday, William"]
[Black "Valdizon, Armando"]
[Result "0-1"]
[WhiteElo "2057"]
[BlackElo "2098"]
[PlyCount "52"]
[EventDate "2013.06.21"]
[EventRounds "5"]
[EventCountry "CAN"]
[SourceDate "2005.09.12"]

1. d4 d5 2. c4 Nc6 3. Nf3 e5 4. dxe5 d4 5. a3 Bg4 6. Nbd2 a5 7. h3 Bh5 8. g3
Bc5 9. Bg2 Qd7 10. O-O Rd8 11. Qb3 Nge7 12. Qb5 b6 13. g4 Bg6 14. Nb3 h5 15.
Nxc5 bxc5 16. g5 Bf5 17. Kh2 O-O 18. Qxc5 Ng6 19. b4 Rfe8 20. Nh4 Rxe5 21. Bxc6
Qe6 22. Bd5 Rexd5 23. cxd5 Qe5+ 24. f4 Qxe2+ 25. Ng2 Nh4 26. Rg1 Qf3 0-1

[Event "Eastern Ontario op"]
[Site "Ottawa"]
[Date "2013.06.22"]
[Round "3"]
[White "Cova, Ramon"]
[Black "Zhao, Yue Tong (Davy)"]
[Result "1-0"]
[WhiteElo "2074"]
[BlackElo "1926"]
[PlyCount "95"]
[EventDate "2013.06.21"]
[EventRounds "5"]
[EventCountry "CAN"]
[SourceDate "2005.09.12"]

1. d4 Nf6 2. Nf3 g6 3. Nc3 d5 4. Bf4 a6 5. e3 Bg7 6. Be2 O-O 7. Ne5 e6 8. h4 h6
9. g4 Nfd7 10. Qd2 c5 11. O-O-O Nxe5 12. Bxe5 c4 13. Bxg7 Kxg7 14. e4 b5 15. e5
b4 16. Nb1 Nc6 17. f4 Qa5 18. h5 Bd7 19. hxg6 fxg6 20. f5 g5 21. Rxh6 Kxh6 22.
Rh1+ Kg7 23. Qxg5+ Kf7 24. Rh7+ Ke8 25. Qg6+ Kd8 26. Qg7 Ra7 27. Qxf8+ Kc7 28.
fxe6 b3 29. Rxd7+ Kb6 30. Qc5+ Qxc5 31. dxc5+ Kxc5 32. axb3 Ra8 33. bxc4 dxc4
34. Rc7 Kb6 35. Rxc6+ Kxc6 36. Bf3+ Kc7 37. Bxa8 Kd8 38. Bd5 Ke7 39. Bxc4 a5
40. Nc3 Kd8 41. Kd2 Ke7 42. Ke3 a4 43. Nxa4 Kf8 44. Kf4 Ke7 45. Kf5 Kf8 46. Kf6
Kg8 47. e7+ Kh7 48. e8=Q 1-0

[Event "Eastern Ontario op"]
[Site "Ottawa"]
[Date "2013.06.22"]
[Round "3"]
[White "Yu, Wenlu"]
[Black "Kalra, Agastya"]
[Result "0-1"]
[WhiteElo "2079"]
[BlackElo "2145"]
[PlyCount "120"]
[EventDate "2013.06.21"]
[EventRounds "5"]
[EventCountry "CAN"]
[SourceDate "2005.09.12"]

1. e4 c5 2. Nf3 d6 3. d4 cxd4 4. Nxd4 Nf6 5. Nc3 g6 6. f3 Bg7 7. Be3 O-O 8. Qd2
Nc6 9. O-O-O d5 10. Qe1 e5 11. Nb3 d4 12. Bg5 h6 13. Bxf6 Bxf6 14. Nd5 Bg7 15.
g4 Be6 16. Bc4 Ne7 17. Nxe7+ Qxe7 18. Bxe6 Qxe6 19. Kb1 Rfc8 20. Qe2 a5 21. Qb5
b6 22. Rd2 Rc4 23. Nc1 a4 24. b3 Rc6 25. Qe2 Rac8 26. Nd3 Qd6 27. Nb2 axb3 28.
cxb3 Qc7 29. Qd1 Bf8 30. Re2 Be7 31. h4 Bxh4 32. Nd3 Bg5 33. Rhh2 Bf4 34. Rhg2
Kg7 35. Rc2 Rxc2 36. Qxc2 Qxc2+ 37. Rxc2 Rxc2 38. Kxc2 Kf6 39. a4 Ke6 40. b4
Bg5 41. Kd1 Be7 42. Ke2 f6 43. Kf2 b5 44. a5 Kd7 45. Kg3 Bd6 46. Kh3 Kc7 47.
Kg2 Kb7 48. Kf2 Ka6 49. Ke2 h5 50. gxh5 gxh5 51. Kf2 h4 52. Kg2 Bxb4 53. Nxb4+
Kxa5 54. Nd3 b4 55. Kh3 Kb5 56. Kxh4 Kc4 57. Nb2+ Kb3 58. Nd3 Kc3 59. Nxe5 fxe5
60. f4 d3 0-1

[Event "Eastern Ontario op"]
[Site "Ottawa"]
[Date "2013.06.22"]
[Round "2"]
[White "Sambuev, Bator"]
[Black "Pacey, Kevin"]
[Result "1-0"]
[WhiteElo "2689"]
[BlackElo "2173"]
[PlyCount "63"]
[EventDate "2013.06.21"]
[EventRounds "5"]
[EventCountry "CAN"]
[SourceDate "2005.09.12"]

1. d4 Nf6 2. Nf3 g6 3. c4 Bg7 4. Nc3 d5 5. e3 O-O 6. Be2 c6 7. O-O Bg4 8. h3
Bxf3 9. Bxf3 e6 10. b3 Nbd7 11. a4 a5 12. Ba3 Re8 13. Bd6 Nb6 14. Bh2 dxc4 15.
bxc4 Nxc4 16. Rb1 Ra7 17. Qe2 Nb6 18. Qb2 Nfd5 19. Bxd5 Nxd5 20. Ne4 Bf8 21.
Rfd1 Bb4 22. Rbc1 Qe7 23. Qa1 Raa8 24. Nc5 b6 25. Nd3 c5 26. dxc5 bxc5 27. e4
Nb6 28. Ne5 h5 29. Rd3 Qh4 30. Rd6 Nc8 31. Rd7 Ra7 32. Nxg6 1-0

[Event "Eastern Ontario op"]
[Site "Ottawa"]
[Date "2013.06.22"]
[Round "2"]
[White "Valdizon, Armando"]
[Black "Qin, Zi Yi (Joey)"]
[Result "0-1"]
[WhiteElo "2098"]
[BlackElo "2459"]
[PlyCount "66"]
[EventDate "2013.06.21"]
[EventRounds "5"]
[EventCountry "CAN"]
[SourceDate "2005.09.12"]

1. d4 Nf6 2. c4 g6 3. Nc3 Bg7 4. e4 d6 5. Bg5 O-O 6. Qd2 Na6 7. Bd3 e5 8. d5 c6
9. Nge2 cxd5 10. cxd5 Bd7 11. O-O Nc5 12. b4 Nxd3 13. Qxd3 h6 14. Bd2 Ne8 15.
Rab1 f5 16. f4 Rc8 17. Rb3 Kh7 18. Be3 a6 19. fxe5 dxe5 20. b5 fxe4 21. Qb1
Rxf1+ 22. Qxf1 Nd6 23. bxa6 bxa6 24. Ng3 Bb5 25. Nxb5 axb5 26. Qb1 Rc4 27. Ra3
Qc8 28. h3 b4 29. Rb3 Qa8 30. Rxb4 Qxd5 31. Qb3 h5 32. Nf1 Bh6 33. Bxh6 Qc5+
0-1

[Event "Eastern Ontario op"]
[Site "Ottawa"]
[Date "2013.06.22"]
[Round "2"]
[White "Kalra, Agastya"]
[Black "Cova, Ramon"]
[Result "1-0"]
[WhiteElo "1846"]
[BlackElo "2074"]
[PlyCount "99"]
[EventDate "2013.06.21"]
[EventRounds "5"]
[EventCountry "CAN"]
[SourceDate "2005.09.12"]

1. e4 d5 2. exd5 Qxd5 3. Nc3 Qd8 4. d4 Nf6 5. Nf3 Bg4 6. Be3 e6 7. h3 Bh5 8. g4
Bg6 9. Ne5 Nbd7 10. Nxg6 hxg6 11. Bg2 c6 12. Qd3 Qc7 13. O-O-O O-O-O 14. Qc4
Nb6 15. Qb3 Be7 16. Na4 Nfd5 17. c4 Nxe3 18. fxe3 Nd7 19. Kb1 Qg3 20. Rhg1 Qd6
21. d5 Qb4 22. Qxb4 Bxb4 23. dxc6 bxc6 24. Bxc6 Rxh3 25. a3 Be7 26. Bxd7+ Rxd7
27. Rxd7 Kxd7 28. e4 Re3 29. Nc3 Bf6 30. Rd1+ Ke7 31. Kc2 Bxc3 32. bxc3 Rxe4
33. Kb3 Rxg4 34. c5 Rh4 35. c6 Rh8 36. Rd7+ Kf6 37. c7 Rc8 38. Kc4 Ke5 39. Kc5
f5 40. Kc6 g5 41. Kb7 Rxc7+ 42. Kxc7 g4 43. c4 g5 44. c5 g3 45. c6 g2 46. Rd1
f4 47. Kd7 f3 48. c7 f2 49. c8=Q g1=Q 50. Qc5+ 1-0

[Event "Eastern Ontario op"]
[Site "Ottawa"]
[Date "2013.06.22"]
[Round "2"]
[White "Yuan, Yuanling"]
[Black "Adriaanse, Adam"]
[Result "1-0"]
[WhiteElo "2220"]
[BlackElo "1909"]
[PlyCount "103"]
[EventDate "2013.06.21"]
[EventRounds "5"]
[EventCountry "CAN"]
[SourceDate "2005.09.12"]

1. e4 e5 2. Nf3 Nf6 3. Nxe5 d6 4. Nf3 Nxe4 5. d4 d5 6. Bd3 Bd6 7. O-O Nd7 8. c4
c6 9. Nc3 Nxc3 10. bxc3 O-O 11. c5 Bc7 12. Bg5 f6 13. Bh4 b6 14. Qc2 g6 15.
Rfe1 Kg7 16. Ne5 Bxe5 17. dxe5 Qc7 18. exf6+ Nxf6 19. Bg3 Qf7 20. Bd6 Re8 21.
Rxe8 Qxe8 22. Qd2 Ne4 23. Bxe4 dxe4 24. Qd4+ Kg8 25. Qf6 Bb7 26. Be5 Qd7 27.
Qh8+ Kf7 28. Qxh7+ Ke6 29. Qh3+ Ke7 30. Bf6+ Ke8 31. Qh8+ Kf7 32. Qg7+ Ke6 33.
Qxg6 Qf7 34. Qxf7+ Kxf7 35. Bd4 b5 36. Re1 Re8 37. g4 Bc8 38. h3 Be6 39. a3 Bd5
40. Kh2 Rf8 41. Kg3 Kg6 42. Re3 Rf7 43. h4 Rf8 44. Be5 Rf7 45. Bf4 Rh7 46. h5+
Kf6 47. Kh4 Rh8 48. Rg3 Bf7 49. Be3 Ke6 50. Bd4 Rh7 51. Kg5 a6 52. Re3 1-0

[Event "Eastern Ontario op"]
[Site "Ottawa"]
[Date "2013.06.22"]
[Round "2"]
[White "Hamilton, Robert"]
[Black "Doubleday, William"]
[Result "1/2-1/2"]
[WhiteElo "2355"]
[BlackElo "2057"]
[PlyCount "164"]
[EventDate "2013.06.21"]
[EventRounds "5"]
[EventCountry "CAN"]
[SourceDate "2005.09.12"]

1. c4 e5 2. Nc3 Nf6 3. e3 Nc6 4. Nf3 g6 5. d4 d6 6. b3 Bg7 7. Be2 O-O 8. Bb2
Re8 9. d5 Nb8 10. O-O a5 11. a3 Bg4 12. Ne1 Bxe2 13. Qxe2 Na6 14. e4 Qd7 15.
Nd3 Nc5 16. Nxc5 dxc5 17. Rad1 Bf8 18. g3 Bd6 19. f4 Qg4 20. Rde1 Qxe2 21. Rxe2
Nd7 22. f5 f6 23. fxg6 hxg6 24. a4 Kg7 25. Nd1 Rh8 26. h4 Raf8 27. Ne3 b6 28.
Rh2 Rh7 29. Kg2 Rfh8 30. Bc1 Rh5 31. Bd2 Rf8 32. g4 Rh7 33. Bc3 Rfh8 34. Be1
Rf8 35. Bg3 Rfh8 36. Rf2 Rf8 37. Rf1 Rfh8 38. Rfh1 Kf7 39. Be1 Kg7 40. Nf1 Kf7
41. Ng3 Kg7 42. Bd2 Be7 43. Be3 Kf7 44. Kf3 Kg7 45. Bf2 Bd6 46. Be1 Kf7 47. Ke2
Kg7 48. Nf1 Kf7 49. Ne3 Kg7 50. Rf1 Rf8 51. Rg2 Be7 52. Rf3 Kg8 53. Bg3 Bd6 54.
Be1 Be7 55. Bf2 Kg7 56. Bg3 Bd6 57. Rg1 Kg8 58. Kf2 Kg7 59. Kg2 Kg8 60. Be1 Kg7
61. Rh1 Kg8 62. Nf1 Kg7 63. Bf2 Kg8 64. Be3 Be7 65. Ng3 Rff7 66. Bf2 Bd6 67.
Ne2 Rf8 68. Bg3 Kg7 69. Rhf1 Kg8 70. Nc3 Kg7 71. Nb5 Rhh8 72. R1f2 Rhg8 73. Na7
Nb8 74. Rf1 Rh8 75. Be1 Be7 76. Rh1 Bd6 77. Bd2 Be7 78. Kg3 Kg8 79. Rhf1 Kg7
80. Nb5 Na6 81. R1f2 Rhg8 82. Be3 Bd6 1/2-1/2

[Event "Eastern Ontario op"]
[Site "Ottawa"]
[Date "2013.06.22"]
[Round "2"]
[White "Yang, Ryan"]
[Black "Yu, Wenlu"]
[Result "0-1"]
[WhiteElo "1890"]
[BlackElo "2079"]
[PlyCount "116"]
[EventDate "2013.06.21"]
[EventRounds "5"]
[EventCountry "CAN"]
[SourceDate "2005.09.12"]

1. e4 c5 2. Nf3 d6 3. d4 cxd4 4. Nxd4 Nf6 5. Nc3 a6 6. Be2 e5 7. Nb3 Be7 8. Be3
Be6 9. Qd2 Nbd7 10. O-O-O b5 11. Nd5 Nxe4 12. Qd3 Nec5 13. Nxc5 Nxc5 14. Bxc5
dxc5 15. Bf3 Rc8 16. Qe2 Bd6 17. Nc3 Qe7 18. Ne4 Bb8 19. a4 c4 20. axb5 axb5
21. Nc3 O-O 22. Bd5 b4 23. Ne4 c3 24. Bxe6 Qxe6 25. Kb1 Rc6 26. Qb5 Ba7 27. Qd5
Bd4 28. Qxe6 Rxe6 29. f4 f6 30. Rhe1 cxb2 31. f5 Ra6 32. Rxd4 exd4 33. Re2 Kf7
34. Nf2 Re8 35. Rd2 Re5 36. g4 h5 37. h3 Rd5 38. Nd3 Rb6 39. Nf4 Rdd6 40. Nxh5
g6 41. fxg6+ Kxg6 42. Rf2 Rb5 43. Nf4+ Kg5 44. Nd3 Kh4 45. Rf3 Kg5 46. Nf2 Re5
47. Nd3 Re3 48. Rf5+ Kh4 49. Rh5+ Kg3 50. Rh6 Rde6 51. Rh5 Kh2 52. Nf4 Rc6 53.
Rh6 Rf3 54. Nd5 Rd6 55. Ne7 Rf2 56. g5 d3 57. Rxf6 Rdxf6 58. gxf6 d2 0-1

[Event "Eastern Ontario op"]
[Site "Ottawa"]
[Date "2013.06.22"]
[Round "3"]
[White "Hamilton, Robert"]
[Black "Yuan, Yuanling"]
[Result "1-0"]
[WhiteElo "2355"]
[BlackElo "2336"]
[PlyCount "47"]
[EventDate "2013.06.21"]
[EventRounds "5"]
[EventCountry "CAN"]
[SourceDate "2005.09.12"]

1. d4 Nf6 2. c4 g6 3. Nc3 Bg7 4. e4 d6 5. f3 O-O 6. Be3 Nc6 7. Nge2 a6 8. Qd2
Rb8 9. Nd5 b5 10. Nxf6+ Bxf6 11. Rc1 bxc4 12. Rxc4 Bd7 13. h4 Na7 14. h5 c5 15.
hxg6 fxg6 16. dxc5 Rxb2 17. Rc2 Rxc2 18. Qxc2 Qa5+ 19. Kf2 dxc5 20. Nf4 Qc3 21.
Qxc3 Bxc3 22. Bc4+ Kg7 23. Ne2 Bd4 24. Nxd4 1-0

[Event "Eastern Ontario op"]
[Site "Ottawa"]
[Date "2013.06.21"]
[Round "1"]
[White "Zhou, Qiyu"]
[Black "Sambuev, Bator"]
[Result "0-1"]
[WhiteElo "2104"]
[BlackElo "2524"]
[PlyCount "52"]
[EventDate "2013.06.21"]
[EventRounds "5"]
[EventCountry "CAN"]
[SourceDate "2005.09.12"]

1. e4 e5 2. Nf3 d6 3. Bc4 Be7 4. d4 exd4 5. Nxd4 Nf6 6. Nc3 O-O 7. O-O c6 8.
Bf4 b5 9. Bd3 a6 10. b3 Re8 11. a3 Bf8 12. Re1 g6 13. f3 Bg7 14. Nde2 Nh5 15.
Bd2 Nd7 16. Rb1 Ne5 17. Qc1 d5 18. Nd1 dxe4 19. Bxe4 f5 20. Bg5 Qd6 21. Bd3 c5
22. Nb2 Bb7 23. Nf4 Bxf3 24. Nxh5 Ng4 25. Qf4 Bd4+ 26. Kh1 Nf2+ 0-1

[Event "Eastern Ontario op"]
[Site "Ottawa"]
[Date "2013.06.21"]
[Round "1"]
[White "Gordon, David"]
[Black "Zhang, Kevin"]
[Result "1-0"]
[WhiteElo "2317"]
[BlackElo "1998"]
[PlyCount "49"]
[EventDate "2013.06.21"]
[EventRounds "5"]
[EventCountry "CAN"]
[SourceDate "2005.09.12"]

1. c4 Nf6 2. g3 c5 3. Bg2 Nc6 4. Nc3 g6 5. Nf3 Bg7 6. d4 cxd4 7. Nxd4 O-O 8.
O-O a6 9. c5 Qc7 10. Bg5 Rd8 11. Bxf6 exf6 12. Nd5 Qe5 13. e3 d6 14. Nxc6 bxc6
15. Nb4 Qxc5 16. Nxc6 Rd7 17. Rc1 Qb6 18. Ne7+ Rxe7 19. Bxa8 Bb7 20. Bxb7 Rxb7
21. Rc8+ Bf8 22. Qd5 Kg7 23. Rfc1 Re7 24. Qa8 Qxb2 25. Rf1 1-0

[Event "Eastern Ontario op"]
[Site "Ottawa"]
[Date "2013.06.21"]
[Round "1"]
[White "Yu, Wenlu"]
[Black "Hamilton, Robert"]
[Result "0-1"]
[WhiteElo "2079"]
[BlackElo "2355"]
[PlyCount "66"]
[EventDate "2013.06.21"]
[EventRounds "5"]
[EventCountry "CAN"]
[SourceDate "2005.09.12"]

1. e4 c5 2. Nf3 e6 3. d4 cxd4 4. Nxd4 a6 5. Bd3 Bc5 6. Nb3 Be7 7. O-O d6 8. Kh1
Nf6 9. f4 Nbd7 10. Be3 Qc7 11. N1d2 b6 12. Bd4 Bb7 13. Qe2 e5 14. Be3 O-O 15.
f5 d5 16. Bg5 Rfe8 17. Bxf6 Nxf6 18. Rae1 dxe4 19. Nxe4 Nd5 20. f6 Nxf6 21.
Nxf6+ Bxf6 22. Rxf6 gxf6 23. Qg4+ Kf8 24. Bxh7 Rad8 25. c3 Bc8 26. Qg3 Be6 27.
Nd4 Qd6 28. Nc2 Ke7 29. Nb4 a5 30. Nc2 Rh8 31. Qg7 Qd2 32. h4 Qf2 33. Qh6 Rd2
0-1

[Event "Eastern Ontario op"]
[Site "Ottawa"]
[Date "2013.06.21"]
[Round "1"]
[White "Qin, Zi Yi (Joey)"]
[Black "Sun, Mike"]
[Result "1-0"]
[WhiteElo "2145"]
[BlackElo "2081"]
[PlyCount "121"]
[EventDate "2013.06.21"]
[EventRounds "5"]
[EventCountry "CAN"]
[SourceDate "2005.09.12"]

1. Nf3 c5 2. g3 g6 3. Bg2 Bg7 4. O-O Nc6 5. d3 d5 6. Nbd2 Nf6 7. e4 O-O 8. Re1
e6 9. Qe2 b5 10. Nf1 Qb6 11. e5 Nd7 12. Bf4 c4 13. h4 Ba6 14. Qd2 cxd3 15. cxd3
b4 16. N1h2 Rfc8 17. Be3 d4 18. Bh6 Bh8 19. Ng4 b3 20. Ng5 Ncxe5 21. Rxe5 Nxe5
22. Qf4 f5 23. Nxe5 bxa2 24. Rxa2 Bb7 25. Nc4 Rxc4 26. dxc4 Bxg2 27. Kxg2 Qc6+
28. Qf3 Qxf3+ 29. Kxf3 e5 30. c5 e4+ 31. Ke2 d3+ 32. Kd2 Bd4 33. f3 e3+ 34.
Kxd3 Bxc5 35. Ke2 Bb6 36. b4 Rc8 37. Ne6 Kf7 38. Nf4 Rd8 39. Ng2 Rd4 40. Rb2 a5
41. Bxe3 Rd6 42. bxa5 Bxa5 43. Rb7+ Kg8 44. Nf4 Bc3 45. Nh3 Be5 46. Bf4 Bxf4
47. Nxf4 Rd8 48. Ke3 Rd1 49. Nh3 Rd6 50. Kf4 h6 51. Ke5 Rd3 52. Nf4 Rxf3 53.
Kf6 Ra3 54. Ne6 Ra6 55. Re7 g5 56. Kg6 Ra8 57. hxg5 hxg5 58. Kxg5 Kh8 59. Kxf5
Rg8 60. g4 Rc8 61. g5 1-0

[Event "Eastern Ontario op"]
[Site "Ottawa"]
[Date "2013.06.21"]
[Round "1"]
[White "Smilovici, Emil"]
[Black "Valdizon, Armando"]
[Result "0-1"]
[WhiteElo "1985"]
[BlackElo "2098"]
[PlyCount "166"]
[EventDate "2013.06.21"]
[EventRounds "5"]
[EventCountry "CAN"]
[SourceDate "2005.09.12"]

1. e4 g6 2. d4 Bg7 3. f4 c6 4. Nf3 d5 5. e5 h5 6. Nc3 Nh6 7. Bd3 Bf5 8. Ne2 e6
9. Ng5 c5 10. c3 Bf8 11. Qa4+ Nc6 12. Bb5 Qb6 13. Be3 Ng4 14. Bg1 Rc8 15. h3
Nh6 16. Bf2 a6 17. Bxc6+ Rxc6 18. Qb3 c4 19. Qd1 Qxb2 20. O-O Be7 21. Be1 Bd3
22. Rf2 Qa3 23. Bd2 h4 24. Kh2 Nf5 25. Nc1 Bxg5 26. Nxd3 Be7 27. Ne1 b5 28. Nc2
Qa4 29. Qb1 Kd7 30. a3 Ng3 31. Be1 Rb8 32. Nb4 Rc7 33. Qc2 Rb6 34. Qb1 Ra7 35.
Rfa2 Nf5 36. Bf2 Rbb7 37. Nc2 Qa5 38. Nb4 Qb6 39. Nc2 Qd8 40. Qd1 Qf8 41. Rb1
a5 42. Qc1 Ra8 43. Rab2 Rab8 44. Ra2 Qh6 45. Qd1 Qxf4+ 46. Kg1 Qh6 47. Be1 Qf8
48. Bd2 Qd8 49. Rab2 Qc7 50. Qg4 Qc8 51. Qf3 Qf8 52. Ra2 Qd8 53. Rab2 Kc6 54.
Be1 Bg5 55. Qd1 Be7 56. Ra2 Qf8 57. Bd2 Qc8 58. Qe1 Rb6 59. Rab2 Qa6 60. Qf2
Kd7 61. Be1 Bg5 62. Ra2 Qb7 63. Rab2 Ke8 64. Qe2 Qd7 65. Ra2 Qa7 66. Rab2 Be7
67. Bd2 Qc7 68. Qf2 b4 69. axb4 axb4 70. Nxb4 Bxb4 71. Rxb4 Rxb4 72. cxb4 c3
73. Bc1 Qc4 74. Qc2 Qxd4+ 75. Kh1 Ng3+ 76. Kh2 Rxb4 77. Ra1 Qxe5 78. Ra8+ Kd7
79. Ra7+ Kc6 80. Qd3 Nf5+ 81. Kh1 Qe1+ 82. Kh2 Qg3+ 83. Qxg3 hxg3+ 0-1

[Event "Eastern Ontario op"]
[Site "Ottawa"]
[Date "2013.06.22"]
[Round "4"]
[White "Cova, Ramon"]
[Black "Yu, Wenlu"]
[Result "1-0"]
[WhiteElo "2074"]
[BlackElo "2079"]
[PlyCount "75"]
[EventDate "2013.06.21"]
[EventRounds "5"]
[EventCountry "CAN"]
[SourceDate "2005.09.12"]

1. d4 Nf6 2. Nf3 g6 3. Nc3 d5 4. Bf4 c6 5. e3 Bg7 6. Be2 O-O 7. Ne5 Nbd7 8. h4
c5 9. h5 Nxe5 10. Bxe5 Bf5 11. g4 Be4 12. Rg1 g5 13. f3 Qa5 14. fxe4 Nxe4 15.
Bxg7 Kxg7 16. h6+ Kg8 17. Bd3 cxd4 18. exd4 e5 19. Bxe4 dxe4 20. Qd2 exd4 21.
Qxd4 f6 22. Qd5+ Qxd5 23. Nxd5 Kf7 24. Ne3 Rac8 25. O-O-O Ke6 26. Rgf1 Rc5 27.
Rd4 Kf7 28. Rxe4 Kg6 29. Nf5 Rf7 30. Re8 Rxf5 31. Rxf5 Kxh6 32. Rg8 a5 33. a4
Rg7 34. Rxf6+ Rg6 35. Rgxg6+ hxg6 36. Rf7 b5 37. axb5 a4 38. Rf2 1-0

[Event "Eastern Ontario op"]
[Site "Ottawa"]
[Date "2013.06.22"]
[Round "4"]
[White "Yuan, Yuanling"]
[Black "Doubleday, William"]
[Result "0-1"]
[WhiteElo "2336"]
[BlackElo "2057"]
[PlyCount "70"]
[EventDate "2013.06.21"]
[EventRounds "5"]
[EventCountry "CAN"]
[SourceDate "2005.09.12"]

1. e4 c5 2. Nf3 Nc6 3. d4 cxd4 4. Nxd4 Qb6 5. Nb3 Nf6 6. Nc3 e6 7. Bd3 a6 8.
O-O d6 9. Be3 Qc7 10. f4 Be7 11. Qf3 O-O 12. Rae1 Rb8 13. Qg3 e5 14. Nd5 Nxd5
15. exd5 Nb4 16. Kh1 Nxd3 17. cxd3 f6 18. f5 b5 19. Qh4 Bb7 20. Rf3 Rf7 21. Rh3
h6 22. Rg3 Bxd5 23. Bxh6 Bf8 24. Rc1 Qd8 25. Bd2 Rc8 26. Rh3 Rxc1+ 27. Nxc1 Rc7
28. Bc3 Qc8 29. Qh7+ Kf7 30. Qg6+ Ke7 31. a3 a5 32. Qg4 b4 33. axb4 axb4 34.
Qxb4 Qxf5 35. Qb6 Qf1+ 0-1